000 00395nam a2200145Ia 4500
008 231129s1980||||xx |||||||||||||| ||spa||
020 _a968-26-0214-9
040 _bspa
082 _a620.658 G761p
100 _aGrant Eugene L.
245 0 _aPrincipios de ingenierí­a económica
260 _c1980
264 _aMéxico : C.E.C.S.A
942 _2ddc
_cBKS
999 _c23228
_d23228